00342nam a2200121Ia 450000500170000000800410001708200130005810000110007124500460008226000270012830000130015550000520016820250313110433.0240331s9999 xx 000 0 und d bGNAa894 aGnani, 0aTamizhil naveenathuvam, pin naveenathuvam aBangalorebKaayac1997 a190 p ., aA book of Modernism and Post Modernism in Tamil